000 00611nam a2200205Ia 4500
001 9341
003 GE_BSU
008 181216s||||||||xx |||||||||||||| ||und||
040 _cGE_BSU
080 _a62.002
245 _aМатериалы в приборостроений и автоматике.
245 _bСправочник.
245 _cПод ред. Ю.М.Пятина.
260 _aМ.
260 _bМашиностроение.
260 _c1969.
300 _a630 стр. 21 см.
653 _aМатериалы в приборостроений и автоматике.
942 _cBK
999 _c42637
_d42637